000 00275nam a22001217a 4500
008 181017b xxu||||| |||| 00| 0 eng d
041 _aeng
080 _25th
_a510
100 _a36
101 _aMAT
245 _aBeginning & Intermediate Algebra
_cGay,E.M
942 _2udc
_cBK
999 _c50037
_d50037